• 首页
  • 本馆介绍
  • 公告通知
  • 最新文献
  • 馆藏检索
  • 电子资源
  • 读者导购
  • 参考咨询
  • 我的图书馆
  • 登录
  • 详细信息显示
  • 放入我的书架
  • 预约/预借图书
  • 作者相关作品
  • 分类相关作品
  • 丛书相关作品
  • 出版社相关作品

书目信息

  • 表格格式
  • 工作单格式
  • 卡片格式
题名:
中华成语故事
    
 
作者: 崔钟雷 编
分册:  
出版信息: 哈尔滨   黑龙江美术出版社  2017.4
页数:
开本: 19cm
丛书名: 小学生传统文化精选书系
单 册:
中图分类: H136.31-49
科图分类:
主题词: 汉语--成语--故事--少儿读物
电子资源:
ISBN: 978-7-5593-0506-0
000 01238oam2 2200253 450
001 012001011678
005 20141122154440.0
010    @a978-7-5593-0506-0@dCNY14.80
100    @a20181029d2017 em y0chiy0110 ea
101 0  @achi
102    @aCN@b230000
105    @ay z 000yy
106    @ar
200 1  @a中华成语故事@Azhong hua cheng yu gu shi@f崔钟雷编
210    @a哈尔滨@c黑龙江美术出版社@d2017.4
215    @d19cm
225 2  @a小学生传统文化精选书系
330    @a成语是经过长期的积累形成的形式简洁而意思精辟的固定词组或短语。它们都有深刻的思想内涵,还带有丰富的感情色彩。我们精心挑选了人们日常生活中常用的成语收录在这本书中,小读者们能够通过通俗易懂的成语小故事和具有很强趣味性的成语小游戏轻松的记忆这些成语,熟悉成语的用法和意义。希望通过这些简单的文字,能够让孩子们学习到丰富的知识。在中华民族的词语宝库中蕴藏着琳琅满目、美不胜收的宝贵财富。成语就是这个宝库中最璀璨夺目的瑰宝。这里有成语链接、成语游戏,还有耳熟能详的成语故事,能够让孩子们在学习成语的过程中,掌握更多的历史知识、陶冶情操!
410  0 @12001 @a小学生传统文化精选书系
606 0  @a汉语@x成语@x故事@x少儿读物
690    @aH136.31-49@v5
701  0 @a崔钟雷@Acui zhong lei@4编
801  0 @aCN@b上海新华@c20191020
905    @b1184133-6@dH136.31-49@e379@f4
    
    中华成语故事/崔钟雷编.-哈尔滨:黑龙江美术出版社,2017.4
    19cm.-(小学生传统文化精选书系)
    
    
    ISBN 978-7-5593-0506-0:CNY14.80
    成语是经过长期的积累形成的形式简洁而意思精辟的固定词组或短语。它们都有深刻的思想内涵,还带有丰富的感情色彩。我们精心挑选了人们日常生活中常用的成语收录在这本书中,小读者们能够通过通俗易懂的成语小故事和具有很强趣味性的成语小游戏轻松的记忆这些成语,熟悉成语的用法和意义。希望通过这些简单的文字,能够让孩子们学习到丰富的知识。在中华民族的词语宝库中蕴藏着琳琅满目、美不胜收的宝贵财富。成语就是这个宝库中最璀璨夺目的瑰宝。这里有成语链接、成语游戏,还有耳熟能详的成语故事,能够让孩子们在学习成语的过程中,掌握更多的历史知识、陶冶情操!
●
相关链接 在E读中查询图书 在五车中查询图书 在当当中查询图书 在豆瓣中查询图书


正题名:中华成语故事     索取号:H136.31-49/379         预约/预借

序号 登录号 条形码 馆藏地/架位号 状态 备注
1 1184133   211841337   第二样本阅览室/ [索取号:H136.31-49/379] 在馆    
2 1184134   211841346   第四借阅区/ [索取号:H136.31-49/379] 在馆    
3 1184135   211841355   第四借阅区/ [索取号:H136.31-49/379] 在馆    
4 1184136   211841364   第四借阅区/ [索取号:H136.31-49/379] 在馆    
唐山师范学院图书馆 欢迎您!
大连网信软件有限公司© 版权所有